| 000 | 00517nam a2200193 a 4500 | ||
|---|---|---|---|
| 001 | 1771589608876 | ||
| 003 | YourLibrary | ||
| 005 | 20260220174642.0 | ||
| 008 | 260220s2000##################000#0#eng## | ||
| 020 | _a9780333776483 | ||
| 082 | 0 | 4 |
_a320.94 _bMAT |
| 100 | 1 |
_aMather, J., _eauthor. |
|
| 245 | 1 | 0 | _aThe European Union and British Democracy : |
| 260 |
_bPalgrave Macmillan, _c2000. |
||
| 300 | _a230 pages | ||
| 650 | 0 | _aPolitical Science. | |
| 942 | _cENGLISH | ||
| 040 |
_aYourLibrary _beng _cYourLibrary |
||
| 999 |
_c614752 _d614752 |
||